A guide to the project management body of knowledge: PMBOK guide
محفوظ في:
| التنسيق: | كتاب |
|---|---|
| اللغة: | الإنجليزية |
| منشور في: |
Delaware Water Gap
Project Management Institute
2004
|
| الطبعة: | 1a. ed |
| الموضوعات: | |
| الوسوم: |
إضافة وسم
لا توجد وسوم, كن أول من يضع وسما على هذه التسجيلة!
|
MARC
| LEADER | 00000nam a2200000 a 4500 | ||
|---|---|---|---|
| 001 | UCK7903 | ||
| 003 | CL-VaPUC | ||
| 008 | 051230e20040000us |||||||||||||||||eng|d | ||
| 020 | |a 193069945X | ||
| 082 | 0 | 4 | |a 658.404 |b GUI |2 21 |
| 245 | 1 | 2 | |a A guide to the project management body of knowledge: PMBOK guide |
| 250 | |a 1a. ed | ||
| 300 | |a 390 p | ||
| 942 | |c BK | ||
| 945 | |d 20051230 00:00:00 |a cmena | ||
| 260 | |a Delaware Water Gap |b Project Management Institute |c 2004 | ||
| 650 | 0 | |a Gestión de proyectos |9 260970 | |
| 650 | 0 | |a Planificación estratégica |9 259735 | |
| 650 | 0 | |a Toma de decisiones |9 257530 | |
| 583 | |a last modification |c 20171205 05:51:47 |k Rodrigo Vera | ||
| 999 | |c 315739 |d 315737 | ||
| 952 | |0 0 |1 0 |4 0 |6 658_404000000000000_GUI_2004 |7 0 |8 A |9 389408 |a BIBING |b BIBING |d 2019-11-22 |i 4193652 |o 658.404 GUI 2004 |p 4193652 |r 2025-01-20 |w 2019-11-22 |y BK |k EII | ||